[Event "PHI-ch U14"]
[Site "San Antonio"]
[Date "2014.04.25"]
[Round "8"]
[White "De Leon, Haince Patrick"]
[Black "Monteza, Jomarie"]
[Result "1-0"]
[WhiteElo "2059"]
[BlackElo "1787"]
[PlyCount "71"]
[EventDate "2014.04.21"]
[EventType "swiss"]
[EventRounds "13"]
[EventCountry "PHI"]
[SourceTitle "CBM 160 Extra"]
[Source "ChessBase"]
[SourceDate "2014.07.01"]
[SourceVersion "1"]
[SourceVersionDate "2014.07.01"]
[SourceQuality "1"]

1. d4 g6 2. Nf3 Bg7 3. Bf4 d6 4. e3 Nf6 5. Be2 Nbd7 6. 0-0 0-0 7. h3 a6 8. c4 Re8 9. Nc3 e5 10. dxe5 dxe5 11. Nxe5 Nxe5 12. Qxd8 Rxd8 13. Bxe5 c6 14. Rad1 Bf5 15. Rxd8+ Rxd8 16. Rd1 Re8 17. Bd4 Ne4 18. Nxe4 Bxd4 19. Nd6 Re7 20. Nxf5 gxf5 21. Rxd4 c5 22. Rd5 Kg7 23. Rxf5 b6 24. Bf3 Rd7 25. Bd5 Kg6 26. g4 b5 27. b3 bxc4 28. bxc4 a5 29. f4 Rd6 30. Rxf7 Rb6 31. Rb7 Rb4 32. Be4+ Kf6 33. g5+ Ke6 34. Rxb4 cxb4 35. Bxh7 a4 36. Bc2 1-0